|
|
|
|
| LEADER |
01088nam a22002537a 4500 |
| 001 |
35938 |
| 003 |
BD-DhAAL |
| 005 |
20250622095201.0 |
| 008 |
211201t2000 bg ||||| |||| 00| 0 ben d |
| 020 |
|
|
|a 984810660
|
| 040 |
|
|
|a BD-DhAAL
|
| 041 |
|
|
|a ben
|
| 082 |
|
|
|a 491.44321
|2 22
|
| 245 |
|
|
|a বাংলা বিবিধার্থ অভিধান /
|c সংকলন ও ভূমিকা আহমদ জামান.
|
| 260 |
|
|
|a ঢাকা :
|b সূচিপত্র,
|c ২০০০.
|
| 300 |
|
|
|a ১৮৪ পৃষ্ঠা ;
|c ২১ সে. মি.
|
| 526 |
|
|
|a BIED
|
| 541 |
|
|
|a Complimentary copy from BIED
|e 35938
|
| 650 |
|
|
|a Bengali language
|x Dictionaries
|x Bengali.
|9 43443
|
| 700 |
|
|
|a জামান, আহমদ.
|9 43442
|
| 852 |
|
|
|a Ayesha Abed Library
|c BIED Collection
|
| 942 |
|
|
|2 ddc
|c BK
|
| 999 |
|
|
|c 43343
|d 43343
|
| 952 |
|
|
|0 0
|1 0
|2 ddc
|4 0
|6 491_443210000000000_BAN
|7 0
|9 69530
|a BRACUL
|b BRACUL
|c GEN
|d 2021-12-01
|e Complimentary copy from BIED
|l 1
|m 30
|o 491.44321 BAN
|p 3010035938
|r 2023-09-27
|s 2023-03-28
|t 1
|w 2021-12-01
|y BK
|x Transferred from BIED to General Stacks
|